| 000 | 00478nam a22001577a 4500 | ||
|---|---|---|---|
| 999 |
_c258928 _d258927 |
||
| 003 | OSt | ||
| 005 | 20200803155548.0 | ||
| 008 | 200803b xxu||||| |||| 00| 0 eng d | ||
| 020 | _a1418049271 (alk. paper) 9781418049270 (alk. paper) | ||
| 040 | _cn/a | ||
| 050 |
_aHF5382.7 _b .H48 1999 |
||
| 100 | _a Hess Peter M. | ||
| 245 |
_aCareer success : _bright here, right now! _c Peter M. Hess. |
||
| 260 |
_aClifton Park, NY : _bThomson Delmar Learning, _c1999 |
||
| 942 |
_2lcc _cBK |
||